Seriál: Niektoré vybrané problémy medzinárodného finančného manažmentu

Rovnováha na promptnom devízovom trhu s transakčnými nákladmi. Rovnovážne vzťahy s transakčnými nákladmi medzi dvoma menami. Rovnovážne vzťahy s transakčnými nákladmi medzi troma menami. Podmienky pri vyjadrovaní rovnováhy.

Salvato in:
Dettagli Bibliografici
Autore principale: Šturc, Boris, 1961-
Natura: Capitolo di libro
Lingua:slovacco
Soggetti:
Tags: Aggiungi Tag
Nessun Tag, puoi essere il primo ad aggiungerne!!

MARC

LEADER 00000naa$a2200000$$$4500
001 0029213
005 20240502071433.2
041 0 |a slo 
044 |a SK 
245 1 0 |a Seriál: Niektoré vybrané problémy medzinárodného finančného manažmentu  |c Boris Šturc 
520 |a Rovnováha na promptnom devízovom trhu s transakčnými nákladmi. Rovnovážne vzťahy s transakčnými nákladmi medzi dvoma menami. Rovnovážne vzťahy s transakčnými nákladmi medzi troma menami. Podmienky pri vyjadrovaní rovnováhy. 
610 2 0 |a manažment finančný 
610 2 0 |a trh devízový 
610 2 0 |a náklady transakčné 
610 2 0 |a kurzy 
610 2 0 |a obchody burzové 
100 1 |a Šturc, Boris, 1961-